[Event "CFriend AO-2003-0-00001 email"]
[Site "Chessfriend.com"]
[Date "2003.06.29"]
[Round "?"]
[White "Adam, Lothar"]
[Black "Berch, Neil"]
[Result "1-0"]
[WhiteElo "1500"]
[BlackElo "1500"]
[PlyCount "43"]
[EventDate "2003.??.??"]
[EventType "tourn (corr)"]
[EventRounds "12"]
[SourceTitle "Corr 2008"]
[Source "ChessBase"]
[SourceDate "2008.06.24"]
[SourceVersion "1"]
[SourceVersionDate "2008.06.24"]
[SourceQuality "1"]

1. e4 c5 2. Nf3 d6 3. d4 cxd4 4. Nxd4 Nf6 5. Nc3 g6 6. Be3 Bg7 7. f3 0-0 8. Qd2 Nc6 9. 0-0-0 d5 10. exd5 Nxd5 11. Nxc6 bxc6 12. Bd4 Bxd4 13. Qxd4 Qc7 14. Bc4 Nb6 15. Be2 Be6 16. g3 Rfb8 17. Qc5 Qb7 18. b3 a5 19. h4 Nd5 20. Na4 Nb4 21. Kb2 Nd5 22. h5 1-0

[Event "CFriend AO-2003-0-00001 email"]
[Site "Chessfriend.com"]
[Date "2003.06.29"]
[Round "1"]
[White "Adam, Lothar"]
[Black "Mueller, Klaus"]
[Result "1-0"]
[WhiteElo "1653"]
[BlackElo "1323"]
[PlyCount "55"]
[EventDate "2003.??.??"]
[EventType "tourn (corr)"]
[EventRounds "12"]
[SourceTitle "Corr 2024"]
[Source "ChessBase"]
[SourceDate "2023.10.19"]
[SourceVersion "1"]
[SourceVersionDate "2023.10.19"]
[SourceQuality "1"]

1. e4 d5 2. exd5 Qxd5 3. Nc3 Qa5 4. d4 Nf6 5. Bc4 e6 6. Nf3 c6 7. Bd2 Qc7 8. Qe2 Be7 9. 0-0 Nbd7 10. Rfe1 Nb6 11. Bb3 a5 12. a3 Nbd5 13. Nxd5 cxd5 14. c3 a4 15. Bc2 0-0 16. Bg5 Bd6 17. Rad1 Nd7 18. Qd3 g6 19. Qe3 Nb6 20. Bf6 Bf4 21. Qe2 Nd7 22. Bg5 Bd6 23. h4 b6 24. h5 Re8 25. Qe3 Bb7 26. Ne5 Nf8 27. Ng4 Be7 28. Bxe7 1-0

[Event "CFriend AO-2003-0-00001 email"]
[Site "Chessfriend.com"]
[Date "2003.06.29"]
[Round "1"]
[White "Adam, Lothar"]
[Black "Quizielvu, Massimo"]
[Result "0-1"]
[WhiteElo "1500"]
[BlackElo "1582"]
[PlyCount "54"]
[EventDate "2003.??.??"]
[EventType "tourn (corr)"]
[EventRounds "12"]
[SourceTitle "Corr 2008"]
[Source "ChessBase"]
[SourceDate "2008.06.24"]
[SourceVersion "1"]
[SourceVersionDate "2008.06.24"]
[SourceQuality "1"]

1. e4 c5 2. Nf3 d6 3. d4 cxd4 4. Nxd4 Nf6 5. Nc3 a6 6. Bg5 e6 7. f4 Qb6 8. Qd2 Qxb2 9. Rb1 Qa3 10. Bxf6 gxf6 11. Be2 h5 12. 0-0 Nd7 13. Kh1 Qc5 14. Rf3 Qc7 15. Rh3 h4 16. Nf5 Rg8 17. Bh5 b5 18. Nd5 Qb7 19. Qe2 Rh8 20. Nd4 Rxh5 21. Qxh5 exd5 22. exd5 Ne5 23. fxe5 Qxd5 24. Nf5 dxe5 25. Rd3 Qe4 26. Nxh4 Bg4 27. Qh8 Qf4 0-1

[Event "CFriend AO-2003-0-00001 email"]
[Site "Chessfriend.com"]
[Date "2003.06.29"]
[Round "?"]
[White "Raugstad, Oddvard"]
[Black "Adam, Lothar"]
[Result "0-1"]
[WhiteElo "1100"]
[BlackElo "1500"]
[PlyCount "30"]
[EventDate "2003.??.??"]
[EventType "tourn (corr)"]
[EventRounds "12"]
[SourceTitle "Corr 2008"]
[Source "ChessBase"]
[SourceDate "2008.06.24"]
[SourceVersion "1"]
[SourceVersionDate "2008.06.24"]
[SourceQuality "1"]

1. d4 Nf6 2. c4 g6 3. Nc3 Bg7 4. e4 d6 5. f4 0-0 6. Nf3 Na6 7. e5 Nd7 8. Be2 c5 9. exd6 cxd4 10. Nxd4 Nb6 11. 0-0 Qxd6 12. Be3 Bd7 13. Qd2 Rad8 14. Rad1 Qb8 15. b3 Nc5 0-1